| Tag |
First Indicator |
Second Indicator |
Subfields |
| LEADER |
00000cam a2200000 4500 |
| 001 |
in00003836607 |
| 005 |
20190415190650.0 |
| 006 |
m o d |
| 007 |
cr |n||||||||n |
| 008 |
920901s1730 ie |||| o 00||||eng c |
| 035 |
|
|
|a (CU-RivES)T214003
|
| 035 |
|
|
|a (Uk-ES)006308471
|
| 035 |
|
|
|a (OCoLC)510569670
|
| 040 |
|
|
|a Uk-ES
|c Uk-ES
|d CStRLIN
|d Cengage Gale
|d UtOrBLW
|
| 245 |
0 |
3 |
|a An Elegy on the much lamented death of Doctor Richard Hoyle, who departed this life the 1st. of this instant September 1730. At the place call'd Dorrow, near Tallimoor in the King's County, to the unspeakeable loss of the poor.
|
| 264 |
|
1 |
|a [Dublin] :
|b [publisher not identified],
|c [1730]
|
| 300 |
|
|
|a 1 online resource (1 sheet)
|
| 336 |
|
|
|a text
|b txt
|2 rdacontent
|
| 337 |
|
|
|a computer
|b c
|2 rdamedia
|
| 338 |
|
|
|a online resource
|b cr
|2 rdacarrier
|
| 500 |
|
|
|a "And must our deaths be silenc'd too! I guess,".
|
| 509 |
|
|
|a Place of publication from Foxon
|
| 510 |
4 |
|
|a Foxon,
|c E153
|
| 510 |
4 |
|
|a English Short Title Catalog,
|c T214003.
|
| 500 |
|
|
|a Reproduction of original from Trinity College Library.
|
| 500 |
|
|
|a Electronic resource.
|
| 650 |
|
0 |
|a Elegiac poetry, English
|v Early works to 1800.
|
| 655 |
|
7 |
|a Electronic books.
|2 local
|
| 655 |
|
7 |
|a Single sheet verse.
|2 rbgenr
|
| 710 |
2 |
|
|a Gale (Firm)
|0 http://id.loc.gov/authorities/names/no2008071348
|
| 752 |
|
|
|a Ireland
|d Dublin.
|
| 856 |
4 |
0 |
|u http://proxy.library.tamu.edu/login?url=http://find.galegroup.com/ecco/infomark.do?contentSet=ECCOArticles&docType=ECCOArticles&bookId=1710204500&type=getFullCitation&tabID=T001&prodId=ECCO&docLevel=TEXT_GRAPHICS&version=1.0&source=library&userGroupName=txshracd2898
|z Connect to the full text of this electronic book
|t 0
|
| 999 |
f |
f |
|s 0766ee9e-e0b0-39c3-80a1-21ce44a8b840
|i 92d07300-ecf5-3dcc-8bca-106b8d3167cb
|t 0
|
| 952 |
f |
f |
|a Texas A&M University
|b College Station
|c Electronic Resources
|d Available Online
|t 0
|h No information provided
|
| 998 |
f |
f |
|t 0
|l Available Online
|